000 00696nam a2200193 a 4500
001 000036583
005 20200930075818.0
008 120120s2000 sp 000 0 spa d
020 _a8448126181
040 _aDO-SdBNP
_bspa
_cBNPHU
082 _axxxx
_bE74
100 1 _aEscrivá Monzó, Joan
_962851
245 1 0 _aMarketing en el punto de venta. /
_cJoan Escrivá Monzó, Federico Clar Bononad; coordinadores Antonio Miralles Gascó, Ricardo Almenar Peñalva.
260 _aMadrid :
_bMcGraw Hill,
_c2000.
300 _a206 p. ;
_c28 cm.
700 1 _aClar Bononad, Federico
_962852
700 1 _aMiralles Gascó, Antonio ,
_ecoord.
_962853
700 1 _aAlmenar Peñalva, Ricardo,
_ecoord.
_962854
999 _c36074
_d36074